000 00416nam a22001697a 4500
005 20180615114312.0
008 160526b xxu||||| |||| 00| 0 eng d
020 _a81-259-1085-9
041 _aeng
082 _b5312
_a657.42
100 _aSridharan, V.G.
_91325
245 _aCosting for Management
260 _aNew Delhi
_bAcademic Faundation
_c2002
300 _a291
650 _aManagement
_9241
942 _cBK
999 _c1864
_d1863